[Event "Belleuve Chess 2012"]
[Site "Alcudia ESP"]
[Date "2012.10.20"]
[Round "8.3"]
[White "Llamazares Lopez, Carlos"]
[Black "Ponce Cano, Adrian"]
[Result "0-1"]
[WhiteElo "1694"]
[BlackElo "1958"]
[PlyCount "70"]
[EventDate "2012.10.14"]
[EventType "swiss"]
[EventRounds "9"]
[EventCountry "ESP"]
[Source "lmi"]
[SourceDate "2012.10.14"]

1. e4 c5 2. Nf3 e6 3. d4 cxd4 4. Nxd4 Nf6 5. Nc3 Nc6 6. Ndb5 Bb4 7. a3 Bxc3+ 8.
Nxc3 d5 9. exd5 exd5 10. Bd3 O-O 11. O-O d4 12. Ne4 h6 13. Bf4 Nd5 14. Bg3 f5
15. Nd6 f4 16. Nxc8 Rxc8 17. Qh5 Qg5 18. Qe2 Rce8 19. h4 Qd8 20. Qh5 fxg3 21.
Qg6 gxf2+ 22. Rxf2 Rxf2 23. Qh7+ Kf8 24. Kxf2 Qxh4+ 25. Kg1 Re1+ 26. Rxe1 Qxe1+
27. Kh2 Qe5+ 28. Kg1 Nce7 29. Bc4 Nf6 30. Qh8+ Neg8 31. b3 Qe3+ 32. Kh1 Qe4 33.
a4 Qxc2 34. a5 Qxc4 35. bxc4 d3 0-1

[Event "Belleuve Chess 2012"]
[Site "Alcudia ESP"]
[Date "2012.10.20"]
[Round "8.4"]
[White "Botelho Luis, Miguel Rodrig"]
[Black "Fiol Company, Juan"]
[Result "1-0"]
[WhiteElo "1972"]
[BlackElo "1934"]
[PlyCount "91"]
[EventDate "2012.10.14"]
[EventType "swiss"]
[EventRounds "9"]
[EventCountry "ESP"]
[Source "lmi"]
[SourceDate "2012.10.14"]

1. e4 c5 2. Nc3 d6 3. f4 Nf6 4. Nf3 Nc6 5. Bc4 e6 6. d3 Be7 7. O-O a6 8. a4 O-O
9. Kh1 Bd7 10. Bd2 Qc7 11. Be1 Nd4 12. a5 Bc6 13. Bf2 d5 14. Ba2 dxe4 15. dxe4
Nxe4 16. Nxe4 Bxe4 17. Nxd4 cxd4 18. Bxd4 Qxc2 19. Qg4 g6 20. Bc3 h5 21. Qh3
Rad8 22. Bc4 Bf5 23. Qf3 Qe4 24. Be2 Rd7 25. Qf2 Rfd8 26. Rae1 Qa4 27. Bf3 Bd3
28. Qe3 Qb5 29. Rg1 Qf5 30. g4 hxg4 31. Bxg4 Bc5 32. Qh3 Be4+ 33. Rxe4 Qxe4+
34. Bf3 Qxf3+ 35. Qxf3 Bxg1 36. Kxg1 Rd5 37. Qe3 R8d7 38. Qb6 g5 39. Qe3 gxf4
40. Qxf4 Rf5 41. Qg4+ Kf8 42. Bb4+ Re7 43. Qg3 f6 44. Qd6 Rg5+ 45. Kh1 Rgg7 46.
Qd8+ 1-0

[Event "Belleuve Chess 2012"]
[Site "Alcudia ESP"]
[Date "2012.10.20"]
[Round "8.5"]
[White "Stefanov, Evtim"]
[Black "Sanabria Macias, Anselmo"]
[Result "1-0"]
[WhiteElo "1963"]
[BlackElo "1935"]
[Annotator "Crespi"]
[PlyCount "49"]
[EventDate "2012.10.14"]
[EventType "swiss"]
[EventRounds "9"]
[EventCountry "ESP"]
[Source "lmi"]
[SourceDate "2012.10.14"]

1. e4 d5 2. exd5 Qxd5 3. Nc3 Qa5 4. d4 c6 5. Bc4 Nf6 6. Bd2 Bg4 7. f3 Bf5 8. g4
Bg6 9. f4 e6 10. Qe2 Be7 11. O-O-O Qc7 12. h3 b5 13. Bd3 Bxd3 14. Qxd3 O-O 15.
Nf3 Nd5 16. Ne2 Bd6 17. Ng5 Nf6 18. h4 a6 19. Rdg1 c5 20. dxc5 Bxc5 21. Rg3 Rd8
22. Qc3 Qc6 23. Qf3 Qxf3 24. Nxf3 Ne4 {Blanc guanya a la jugada [%emt 0:00:58]}
25. Rg2 1-0

[Event "Belleuve Chess 2012"]
[Site "Alcudia ESP"]
[Date "2012.10.20"]
[Round "8.6"]
[White "Achtmann, Armin"]
[Black "Garcia Sanz, Eduardo"]
[Result "1/2-1/2"]
[WhiteElo "1978"]
[BlackElo "1999"]
[PlyCount "41"]
[EventDate "2012.10.14"]
[EventType "swiss"]
[EventRounds "9"]
[EventCountry "ESP"]
[Source "lmi"]
[SourceDate "2012.10.14"]

1. b4 Nf6 2. Bb2 e6 3. b5 c5 4. e3 d5 5. Nf3 Be7 6. Be2 a6 7. a4 Bd7 8. c4 dxc4
9. Bxc4 axb5 10. axb5 Rxa1 11. Bxa1 O-O 12. O-O Ne4 13. Qb3 Qa5 14. Nc3 Nd6 15.
d3 Bf6 16. e4 Nxc4 17. dxc4 Bd4 18. Na4 Bxa1 19. Rxa1 Qc7 20. Qe3 b6 21. Nc3
1/2-1/2

[Event "Belleuve Chess 2012"]
[Site "Alcudia ESP"]
[Date "2012.10.20"]
[Round "8.7"]
[White "Rios Torondell, Jaume"]
[Black "Adeyemi, Adedeji"]
[Result "1-0"]
[WhiteElo "1944"]
[BlackElo "1997"]
[PlyCount "69"]
[EventDate "2012.10.14"]
[EventType "swiss"]
[EventRounds "9"]
[EventCountry "ESP"]
[Source "lmi"]
[SourceDate "2012.10.14"]

1. e4 d5 2. exd5 Nf6 3. Bb5+ Bd7 4. Be2 Bf5 5. c4 e6 6. dxe6 Bxe6 7. d4 Nbd7 8.
Nf3 Bb4+ 9. Bd2 Qe7 10. Bxb4 Qxb4+ 11. Qd2 Qe7 12. O-O O-O-O 13. Qa5 Kb8 14.
Nc3 Nb6 15. d5 Bg4 16. Rfe1 Rhe8 17. Bf1 Qf8 18. Rxe8 Rxe8 19. Nb5 a6 20. Nxc7
Kxc7 21. c5 Bxf3 22. cxb6+ Kb8 23. gxf3 Qd6 24. Re1 Rxe1 25. Qxe1 Qxb6 26. Qe5+
Qc7 27. d6 Qd8 28. d7+ Ka8 29. Bh3 Nxd7 30. Qd5 Qb6 31. Qxd7 Qg6+ 32. Qg4 Qb1+
33. Kg2 Qxb2 34. Qc8+ Ka7 35. Qc5+ 1-0

[Event "Belleuve Chess 2012"]
[Site "Alcudia ESP"]
[Date "2012.10.20"]
[Round "8.8"]
[White "Gonzalez Pabollet, Jesus Ma"]
[Black "Gomez Olivares, Alejandro"]
[Result "1-0"]
[WhiteElo "1962"]
[BlackElo "1993"]
[PlyCount "37"]
[EventDate "2012.10.14"]
[EventType "swiss"]
[EventRounds "9"]
[EventCountry "ESP"]
[Source "lmi"]
[SourceDate "2012.10.14"]

1. Nf3 d5 2. d4 Nf6 3. e3 c6 4. Bd3 e6 5. O-O Bd6 6. b3 Qe7 7. Bb2 Nbd7 8. Nbd2
O-O 9. Re1 c5 10. Ne5 b6 11. Nc6 Qe8 12. e4 dxe4 13. Nxe4 Bc7 14. dxc5 Bb7 15.
Nxf6+ Nxf6 16. Bxf6 Bxc6 17. Bxh7+ Kxh7 18. Qh5+ Kg8 19. Qg5 1-0

[Event "Belleuve Chess 2012"]
[Site "Alcudia ESP"]
[Date "2012.10.20"]
[Round "8.9"]
[White "Castrillon Otero, Javier"]
[Black "Delgadillo Torrico, Felipe"]
[Result "1-0"]
[WhiteElo "1897"]
[BlackElo "1981"]
[PlyCount "75"]
[EventDate "2012.10.14"]
[EventType "swiss"]
[EventRounds "9"]
[EventCountry "ESP"]
[Source "lmi"]
[SourceDate "2012.10.14"]

1. d4 Nf6 2. c4 g6 3. Nc3 d5 4. Bg5 dxc4 5. e3 Bg7 6. Bxc4 O-O 7. Nf3 Nbd7 8.
O-O c6 9. Ne5 e6 10. f4 Qc7 11. Rc1 Qb6 12. Qe2 Qb4 13. a3 Qd6 14. Rfd1 Nb6 15.
Ba2 Nbd5 16. Na4 Ne4 17. Bh4 Nef6 18. Be1 Re8 19. g3 Nd7 20. b4 N5f6 21. Qf3 a6
22. Nc5 Rd8 23. e4 Qe7 24. g4 Nxe5 25. dxe5 Nd7 26. Rd6 Nxc5 27. bxc5 Rxd6 28.
exd6 Qd8 29. e5 Bd7 30. Rb1 Kh8 31. Rxb7 a5 32. g5 a4 33. Qc3 h6 34. h4 Kg8 35.
Qb2 hxg5 36. hxg5 Bc8 37. Rb8 Ra7 38. Qb6 1-0

[Event "Belleuve Chess 2012"]
[Site "Alcudia ESP"]
[Date "2012.10.20"]
[Round "8.10"]
[White "Rautanen, Sari"]
[Black "Lielmezs, Girts"]
[Result "1/2-1/2"]
[WhiteElo "1955"]
[BlackElo "1910"]
[PlyCount "62"]
[EventDate "2012.10.14"]
[EventType "swiss"]
[EventRounds "9"]
[EventCountry "ESP"]
[Source "lmi"]
[SourceDate "2012.10.14"]

1. Nf3 d5 2. g3 Nc6 3. Bg2 Nf6 4. O-O e5 5. d3 Be7 6. Nbd2 O-O 7. e4 dxe4 8.
dxe4 Bg4 9. c3 Qc8 10. Qc2 Bh3 11. Nc4 Bxg2 12. Kxg2 Qe6 13. Ne3 g6 14. Ng5 Qc8
15. Nd5 Nxd5 16. exd5 Nb8 17. Rd1 Qf5 18. Qxf5 gxf5 19. Nf3 f6 20. Nh4 f4 21.
Nf5 f3+ 22. Kxf3 Bd6 23. Be3 Nd7 24. c4 b6 25. a3 a5 26. b3 Kf7 27. Rab1 Kg6
28. Nxd6 cxd6 29. h4 h5 30. Ra1 Ra6 31. Ra2 Nc5 1/2-1/2

[Event "Belleuve Chess 2012"]
[Site "Alcudia ESP"]
[Date "2012.10.20"]
[Round "8.11"]
[White "Westerweele, Henrik"]
[Black "Suuronen, Petri"]
[Result "0-1"]
[WhiteElo "1942"]
[BlackElo "1894"]
[PlyCount "74"]
[EventDate "2012.10.14"]
[EventType "swiss"]
[EventRounds "9"]
[EventCountry "ESP"]
[Source "lmi"]
[SourceDate "2012.10.14"]

1. e4 d6 2. d4 Nf6 3. Nc3 e5 4. Nge2 Be7 5. g3 c6 6. a4 a5 7. Bg2 O-O 8. h3 Na6
9. O-O Re8 10. g4 g6 11. f4 exd4 12. Nxd4 d5 13. e5 Ne4 14. Nxe4 dxe4 15. Be3
f5 16. gxf5 gxf5 17. Kh2 Nb4 18. Rg1 Kh8 19. Qe2 Nd5 20. Rad1 Qc7 21. c4 Nxe3
22. Qxe3 Bc5 23. e6 Bxe6 24. Kh1 Qb6 25. Qc3 Qb4 26. Qxb4 axb4 27. b3 Bxd4 28.
Rxd4 Rad8 29. Rgd1 Rxd4 30. Rxd4 Kg7 31. Kg1 Kf6 32. Kf1 c5 33. Rd1 Ke7 34. Kf2
Bf7 35. Ke1 Rg8 36. Kf2 h5 37. Rg1 h4 0-1

[Event "Belleuve Chess 2012"]
[Site "Alcudia ESP"]
[Date "2012.10.20"]
[Round "8.12"]
[White "Hernandez Delgado, Gabriel"]
[Black "Wallace, Mitchel"]
[Result "1-0"]
[WhiteElo "1987"]
[BlackElo "1833"]
[PlyCount "31"]
[EventDate "2012.10.14"]
[EventType "swiss"]
[EventRounds "9"]
[EventCountry "ESP"]
[Source "lmi"]
[SourceDate "2012.10.14"]

1. d4 d6 2. Nf3 Nf6 3. e3 Nbd7 4. c4 c6 5. Nc3 e5 6. Be2 Be7 7. O-O h6 8. b3 g5
9. Ba3 Qa5 10. Qc1 g4 11. Nd2 exd4 12. exd4 Nf8 13. Nde4 Qc7 14. Bxd6 Bxd6 15.
Nxf6+ Ke7 16. Nfd5+ 1-0

[Event "Belleuve Chess 2012"]
[Site "Alcudia ESP"]
[Date "2012.10.20"]
[Round "8.13"]
[White "Sanchez Rodriguez, Francisc"]
[Black "Pelegri Castello, Elias"]
[Result "0-1"]
[WhiteElo "1933"]
[BlackElo "1837"]
[PlyCount "126"]
[EventDate "2012.10.14"]
[EventType "swiss"]
[EventRounds "9"]
[EventCountry "ESP"]
[Source "lmi"]
[SourceDate "2012.10.14"]

1. Nf3 Nf6 2. g3 g6 3. Bg2 Bg7 4. c4 O-O 5. O-O d6 6. d4 c6 7. Nc3 Bf5 8. Nh4
Be6 9. d5 cxd5 10. cxd5 Bd7 11. e4 Na6 12. Be3 Qa5 13. a3 Nc7 14. Re1 Nb5 15.
Ne2 Rfc8 16. b4 Qd8 17. Qd3 Ng4 18. Rac1 Nxe3 19. Qxe3 Rxc1 20. Rxc1 Qb6 21. a4
Qxe3 22. fxe3 Na3 23. Rc7 Bxa4 24. Rxb7 Nc2 25. Nf3 Kf8 26. Nfd4 Nxe3 27. Bh3
a6 28. Nc6 Bf6 29. Ned4 Nc4 30. Kf2 Ne5 31. Nxe5 Bxe5 32. Nc6 Bf6 33. Bf1 Ke8
34. Ke3 Bg5+ 35. Kf2 Bf6 36. Nb8 Bd4+ 37. Kf3 Ra7 38. Bxa6 Rxb7 39. Bxb7 Bc3
40. Bc6+ Bxc6 41. Nxc6 Kd7 42. Ke3 h5 43. Kd3 Be1 44. Kc4 e5 45. dxe6+ fxe6 46.
b5 g5 47. Nd4 g4 48. Ne2 Bd2 49. Kd3 Bh6 50. Nd4 Bg7 51. Nc6 Bh6 52. e5 d5 53.
Kd4 Kc7 54. Kd3 Bg7 55. Nd4 Kd7 56. Nc6 Kc7 57. Kd4 Bh6 58. Kc3 Be3 59. Kd3 Bg1
60. Ne7 Bxh2 61. Nxd5+ exd5 62. e6 Bxg3 63. b6+ Kd6 0-1

[Event "Belleuve Chess 2012"]
[Site "Alcudia ESP"]
[Date "2012.10.20"]
[Round "8.14"]
[White "Figuerola Campins, Antonio"]
[Black "Kopischke, Maik"]
[Result "0-1"]
[WhiteElo "1919"]
[BlackElo "1867"]
[PlyCount "80"]
[EventDate "2012.10.14"]
[EventType "swiss"]
[EventRounds "9"]
[EventCountry "ESP"]
[Source "lmi"]
[SourceDate "2012.10.14"]

1. e4 d6 2. d4 g6 3. Nc3 Bg7 4. Be3 Nf6 5. f3 c6 6. Qd2 Qa5 7. g4 b5 8. h4 h5
9. e5 dxe5 10. dxe5 b4 11. Bd4 bxc3 12. Bxc3 Qc7 13. exf6 Qg3+ 14. Qf2 Qxf2+
15. Kxf2 Bxf6 16. Bxf6 exf6 17. Bd3 Be6 18. Re1 Nd7 19. Bc4 Ne5 20. Bxe6 fxe6
21. gxh5 gxh5 22. Ne2 Rd8 23. Nf4 Kf7 24. Re2 Rd4 25. Re4 Rxe4 26. fxe4 Ng4+
27. Ke2 e5 28. Nd3 Rd8 29. Rd1 Rd4 30. Nc5 Rxd1 31. Kxd1 Ne3+ 32. Kd2 Ng2 33.
Nb7 Ke7 34. Na5 Kd7 35. Nc4 Nxh4 36. Ne3 Nf3+ 37. Ke2 Ng5 38. Kd3 h4 39. Ng4
Ke6 40. b4 Nxe4 0-1

[Event "Belleuve Chess 2012"]
[Site "Alcudia ESP"]
[Date "2012.10.20"]
[Round "8.15"]
[White "Martinez Rubio, Felipe"]
[Black "Valarezzo Ricard, Pedro"]
[Result "0-1"]
[WhiteElo "1815"]
[BlackElo "1888"]
[PlyCount "52"]
[EventDate "2012.10.14"]
[EventType "swiss"]
[EventRounds "9"]
[EventCountry "ESP"]
[Source "lmi"]
[SourceDate "2012.10.14"]

1. e4 d5 2. exd5 Nf6 3. d4 Nxd5 4. Nf3 Bg4 5. Be2 Nc6 6. c4 Nb6 7. d5 Bxf3 8.
Bxf3 Ne5 9. Be2 c6 10. Qd4 Ng6 11. Nc3 e5 12. Qe4 cxd5 13. cxd5 Bd6 14. Bb5+
Nd7 15. Qa4 a6 16. Bd3 O-O 17. Be3 f5 18. f3 b5 19. Qb3 b4 20. Na4 e4 21. fxe4
fxe4 22. Bxe4 Qh4+ 23. g3 Qxe4 24. O-O-O Rac8+ 25. Kd2 Qg2+ 26. Kd3 Nge5+ 0-1

[Event "Belleuve Chess 2012"]
[Site "Alcudia ESP"]
[Date "2012.10.20"]
[Round "8.16"]
[White "Garcia Verd, Francisco"]
[Black "Contreras Cabot, Marc"]
[Result "1-0"]
[WhiteElo "1954"]
[BlackElo "1805"]
[PlyCount "98"]
[EventDate "2012.10.14"]
[EventType "swiss"]
[EventRounds "9"]
[EventCountry "ESP"]
[Source "lmi"]
[SourceDate "2012.10.14"]

1. e4 c5 2. Nc3 Nc6 3. g3 g6 4. Bg2 Bg7 5. d3 e6 6. Nge2 Nge7 7. f4 f5 8. e5 d6
9. exd6 Qxd6 10. O-O e5 11. Rb1 h5 12. fxe5 Bxe5 13. Bg5 Be6 14. Nf4 Bf7 15.
Qf3 O-O 16. a3 Nd4 17. Qxb7 Rae8 18. Kh1 Nxc2 19. Rf2 Nd4 20. Nfd5 Nxd5 21.
Nxd5 Re6 22. Be7 Qb8 23. Qxb8 Rxb8 24. Bxc5 a5 25. b4 Kg7 26. Nb6 Rexb6 27.
Bxb6 Rxb6 28. Rff1 a4 29. Rfc1 Bd6 30. Rc8 Nc2 31. Rxc2 Bb3 32. Rc6 Rxc6 33.
Bxc6 Bc2 34. Rc1 Bb3 35. Bb5 Be6 36. Bc4 Bd7 37. Bd5 Kf6 38. d4 f4 39. gxf4
Bxf4 40. Re1 g5 41. Kg2 g4 42. Bb7 h4 43. Re2 Bc1 44. d5 Bxa3 45. Bc6 Bf5 46.
d6 Bxb4 47. d7 Be7 48. Bxa4 Be6 49. Rd2 Bd8 1-0

[Event "Belleuve Chess 2012"]
[Site "Alcudia ESP"]
[Date "2012.10.20"]
[Round "8.17"]
[White "Naranjo Moreno, Jose Javier"]
[Black "Correia, Sandra Ventura"]
[Result "1-0"]
[WhiteElo "1894"]
[BlackElo "1797"]
[PlyCount "75"]
[EventDate "2012.10.14"]
[EventType "swiss"]
[EventRounds "9"]
[EventCountry "ESP"]
[Source "lmi"]
[SourceDate "2012.10.14"]

1. Nf3 g6 2. d4 Bg7 3. c4 c5 4. d5 d6 5. e4 e6 6. Bd3 exd5 7. cxd5 Bg4 8. Nbd2
Nd7 9. h3 Bxf3 10. Nxf3 Ngf6 11. O-O O-O 12. Bf4 Qc7 13. Qc2 Rfe8 14. Rfe1 a6
15. a4 Rab8 16. a5 Re7 17. Nd2 Ne5 18. Nc4 Nxc4 19. Bxc4 Rbe8 20. f3 h6 21. Bd2
g5 22. Bc3 Nd7 23. Bxg7 Kxg7 24. Qc3+ Kg8 25. Kf2 f6 26. Qd2 Ne5 27. b3 b5 28.
axb6 Qxb6 29. Qa5 Nxc4 30. bxc4 Qb2+ 31. Kf1 Ra7 32. Rab1 Qc2 33. Rec1 Qd3+ 34.
Kg1 f5 35. exf5 Qe3+ 36. Kh1 Rae7 37. Qxa6 Qf2 38. Qxd6 1-0

[Event "Belleuve Chess 2012"]
[Site "Alcudia ESP"]
[Date "2012.10.20"]
[Round "8.18"]
[White "Diez Jover, Alberto"]
[Black "Kehloul Gutierrez, Sadek"]
[Result "1-0"]
[WhiteElo "1891"]
[BlackElo "1776"]
[PlyCount "65"]
[EventDate "2012.10.14"]
[EventType "swiss"]
[EventRounds "9"]
[EventCountry "ESP"]
[Source "lmi"]
[SourceDate "2012.10.14"]

1. e4 e6 2. d4 d5 3. Nd2 Nf6 4. e5 Nfd7 5. Bd3 c5 6. c3 Nc6 7. Ne2 Qb6 8. Nf3
Be7 9. O-O cxd4 10. cxd4 O-O 11. Re1 Re8 12. a3 f6 13. Nf4 fxe5 14. dxe5 Nc5
15. Bxh7+ Kxh7 16. Ng5+ Bxg5 17. Qh5+ Bh6 18. Qg6+ Kg8 19. Qxe8+ Kh7 20. Qg6+
Kh8 21. Nh5 Qc7 22. Bxh6 gxh6 23. Qxh6+ Qh7 24. Qf6+ Kg8 25. Qg5+ Kf7 26. Re3
Nd4 27. Qf6+ Ke8 28. Ng7+ Kd7 29. Qf7+ Kc6 30. b4 Nc2 31. Rc1 Nxe3 32. Rxc5+
Kb6 33. Qc7+ 1-0

[Event "Belleuve Chess 2012"]
[Site "Alcudia ESP"]
[Date "2012.10.20"]
[Round "8.19"]
[White "Perez Gandesa, Jose Antonio"]
[Black "Castello Castello, Juan Jose"]
[Result "1/2-1/2"]
[WhiteElo "1881"]
[BlackElo "1735"]
[PlyCount "64"]
[EventDate "2012.10.14"]
[EventType "swiss"]
[EventRounds "9"]
[EventCountry "ESP"]
[Source "lmi"]
[SourceDate "2012.10.14"]

1. d4 Nf6 2. Bg5 d5 3. Bxf6 exf6 4. e3 c6 5. c3 Bd6 6. Bd3 f5 7. Qc2 g6 8. Nf3
Nd7 9. Nbd2 c5 10. dxc5 Nxc5 11. Bb5+ Bd7 12. Nd4 O-O 13. O-O Qc7 14. N2f3 a6
15. Bxd7 Nxd7 16. Rad1 Nf6 17. h3 Rad8 18. Qb3 f4 19. exf4 Bxf4 20. Ne2 Bh6 21.
Ng3 Bf4 22. Ne2 Bd6 23. Rfe1 Bc5 24. Ned4 b6 25. Qa4 Bxd4 26. Qxd4 Qd6 27. c4
Rfe8 28. Rxe8+ Nxe8 29. cxd5 Nc7 30. Ng5 Qxd5 31. Qxd5 Rxd5 32. Rxd5 Nxd5
1/2-1/2

[Event "Belleuve Chess 2012"]
[Site "Alcudia ESP"]
[Date "2012.10.20"]
[Round "8.20"]
[White "Jaume Pons, Antonio"]
[Black "Gutierrez Abarrategui, Luis"]
[Result "0-1"]
[WhiteElo "1693"]
[BlackElo "1861"]
[PlyCount "60"]
[EventDate "2012.10.14"]
[EventType "swiss"]
[EventRounds "9"]
[EventCountry "ESP"]
[Source "lmi"]
[SourceDate "2012.10.14"]

1. e4 e6 2. d4 d5 3. exd5 exd5 4. Nf3 Bd6 5. c4 c6 6. cxd5 cxd5 7. Qe2+ Ne7 8.
Bg5 f6 9. Be3 O-O 10. Nc3 a6 11. g3 b5 12. Qc2 Bf5 13. Qb3 Qa5 14. Bd2 b4 15.
Ne2 Be4 16. Bg2 Qb5 17. a4 Qc4 18. Qd1 Bc2 19. Qc1 Rc8 20. Bf1 Qb3 21. Nc3 bxc3
22. bxc3 Nf5 23. Be2 Re8 24. Kf1 Nc6 25. Ne1 Rxe2 26. Nxc2 Qc4 27. Kg2 Qd3 28.
Rd1 Rae8 29. Be3 Qxc2 30. Qxc2 Nxe3+ 0-1

[Event "Belleuve Chess 2012"]
[Site "Alcudia ESP"]
[Date "2012.10.20"]
[Round "8.21"]
[White "Rodriguez Sanchez, Rafael"]
[Black "Fullana Benito, David"]
[Result "1-0"]
[WhiteElo "1809"]
[BlackElo "1813"]
[PlyCount "53"]
[EventDate "2012.10.14"]
[EventType "swiss"]
[EventRounds "9"]
[EventCountry "ESP"]
[Source "lmi"]
[SourceDate "2012.10.14"]

1. e4 c5 2. Nf3 Nc6 3. d4 cxd4 4. Nxd4 e5 5. Nb5 a6 6. Nd6+ Bxd6 7. Qxd6 Qf6 8.
Qd1 Qg6 9. Nc3 Nge7 10. Be3 O-O 11. Qd2 d6 12. f3 Rd8 13. Bb6 Rd7 14. Bc4 Nd4
15. Nd5 Nxd5 16. Bxd5 a5 17. c3 Ra6 18. Bxd4 exd4 19. cxd4 Rd8 20. O-O-O b5 21.
Kb1 Be6 22. Bb7 Ra7 23. Bc6 Bc4 24. d5 b4 25. Qd4 Be2 26. Rde1 Qxg2 27. Reg1
1-0

[Event "Belleuve Chess 2012"]
[Site "Alcudia ESP"]
[Date "2012.10.20"]
[Round "8.22"]
[White "Romeu De La Cruz, Josep"]
[Black "Maseda Iglesias, Luis"]
[Result "0-1"]
[WhiteElo "1902"]
[BlackElo "1741"]
[PlyCount "106"]
[EventDate "2012.10.14"]
[EventType "swiss"]
[EventRounds "9"]
[EventCountry "ESP"]
[Source "lmi"]
[SourceDate "2012.10.14"]

1. b3 d5 2. Bb2 Nf6 3. e3 e6 4. Nf3 Be7 5. c4 c5 6. Be2 O-O 7. O-O Nc6 8. d3 b6
9. a3 Bb7 10. Ne1 d4 11. e4 e5 12. Bc1 Bc8 13. f4 exf4 14. Bxf4 Bd6 15. Bxd6
Qxd6 16. g3 Ne5 17. Ng2 Bh3 18. Rf4 g5 19. Rxf6 Qxf6 20. Nd2 Bxg2 21. Kxg2 Rae8
22. Qg1 Qg6 23. Rf1 Re6 24. Rf5 f6 25. h3 h5 26. Qd1 h4 27. g4 Qe8 28. b4 Kg7
29. Qb3 Qb8 30. Nf1 Ng6 31. Bf3 Nf4+ 32. Kh1 Re5 33. Qc2 Nxh3 34. Kg2 Nf4+ 35.
Kh1 Ng6 36. Bg2 Rxf5 37. exf5 Ne5 38. Qd1 Re8 39. Be4 Nf7 40. Qf3 Ne5 41. Qg2
cxb4 42. axb4 a5 43. Qb2 Qd6 44. bxa5 bxa5 45. Qb7+ Re7 46. Qa8 Nxg4 47. Bd5
Nh6 48. Be6 Qc7 49. Qf3 g4 50. Qf2 g3 51. Qxd4 h3 52. Ne3 Qb7+ 53. Bd5 Qb1+ 0-1

[Event "Belleuve Chess 2012"]
[Site "Alcudia ESP"]
[Date "2012.10.20"]
[Round "8.23"]
[White "Strand, Oyvin"]
[Black "Nin Serres, Pere"]
[Result "1-0"]
[WhiteElo "1899"]
[BlackElo "1732"]
[PlyCount "121"]
[EventDate "2012.10.14"]
[EventType "swiss"]
[EventRounds "9"]
[EventCountry "ESP"]
[Source "lmi"]
[SourceDate "2012.10.14"]

1. d4 d5 2. Nf3 Nf6 3. b3 e6 4. Bb2 Bd6 5. Nbd2 O-O 6. e3 b6 7. Bd3 Bb7 8. O-O
Nbd7 9. Qe2 c5 10. Ne5 cxd4 11. exd4 Be7 12. f4 g6 13. g4 Nxe5 14. fxe5 Ne8 15.
Nf3 Ng7 16. Bc1 f5 17. exf6 Bxf6 18. Bh6 Qd6 19. g5 Be7 20. Rae1 Bc8 21. Ne5
Rxf1+ 22. Rxf1 Nf5 23. Bxf5 exf5 24. Re1 Bf8 25. Bxf8 Qxf8 26. Qf3 Qd6 27. h4
Bd7 28. h5 Be8 29. hxg6 Bxg6 30. Qf4 Re8 31. Re2 b5 32. Rh2 Re6 33. Nxg6 Rxg6
34. Qxd6 Rxd6 35. Rf2 Kg7 36. Rxf5 Kg6 37. Re5 a6 38. a4 bxa4 39. bxa4 Kg7 40.
Kf2 Kf7 41. Ke3 Kg7 42. Kd3 h6 43. gxh6+ Kxh6 44. c4 dxc4+ 45. Kxc4 Kg6 46. Kc5
Rf6 47. d5 Rf1 48. Re6+ Kf7 49. Rxa6 Rc1+ 50. Kd6 Rd1 51. a5 Rd2 52. Rc6 Ke8
53. Rc8+ Kf7 54. a6 Ra2 55. a7 Ra6+ 56. Rc6 Ra2 57. Rc7+ Kf6 58. Kc6 Rc2+ 59.
Kb7 Rb2+ 60. Kc8 Ra2 61. Kb8 1-0

[Event "Belleuve Chess 2012"]
[Site "Alcudia ESP"]
[Date "2012.10.20"]
[Round "8.24"]
[White "Abrines Sampol, Lorenzo"]
[Black "Maria Lopez, Jorge Luis"]
[Result "1/2-1/2"]
[WhiteElo "1707"]
[BlackElo "1877"]
[PlyCount "93"]
[EventDate "2012.10.14"]
[EventType "swiss"]
[EventRounds "9"]
[EventCountry "ESP"]
[Source "lmi"]
[SourceDate "2012.10.14"]

1. e4 c5 2. Nf3 d6 3. c4 Nc6 4. d4 cxd4 5. Nxd4 Nf6 6. Nc3 e5 7. Nxc6 bxc6 8.
Be2 Be7 9. O-O O-O 10. Be3 Qc7 11. Qd2 Be6 12. b3 Rad8 13. Rac1 Qb8 14. Rfd1 d5
15. cxd5 cxd5 16. exd5 Nxd5 17. Nxd5 Rxd5 18. Qb2 Rfd8 19. Rxd5 Bxd5 20. Qc2
Ba3 21. Rd1 Rc8 22. Qd3 Be6 23. Qa6 Bf8 24. Bxa7 Qc7 25. Be3 g6 26. Rc1 Qb8 27.
Rxc8 Bxc8 28. Qb6 Qa8 29. a4 Qe4 30. a5 Bb7 31. Bf1 h5 32. a6 Ba8 33. a7 h4 34.
h3 Be7 35. Bc5 Bxc5 36. Qxc5 g5 37. b4 Kg7 38. b5 f5 39. Qe3 Qxe3 40. fxe3 Kf6
41. Bc4 Ke7 42. Kf2 Kd6 43. Bf7 Kc5 44. Be8 Kb6 45. Bg6 Kxb5 46. Bxf5 Kb6 47.
Ke2 1/2-1/2

[Event "Belleuve Chess 2012"]
[Site "Alcudia ESP"]
[Date "2012.10.20"]
[Round "8.25"]
[White "Gimenez Garcia, Emilio"]
[Black "Dominguez Marquez Juan, Car"]
[Result "1-0"]
[WhiteElo "1806"]
[BlackElo "1718"]
[PlyCount "76"]
[EventDate "2012.10.14"]
[EventType "swiss"]
[EventRounds "9"]
[EventCountry "ESP"]
[Source "lmi"]
[SourceDate "2012.10.14"]

1. d4 Nf6 2. Bf4 d6 3. e3 Nbd7 4. Nf3 g6 5. Nbd2 Bg7 6. Be2 b6 7. c4 Bb7 8. Qc2
O-O 9. h4 Nh5 10. Bh2 e5 11. d5 f5 12. Ng5 Ndf6 13. Ne6 Qe7 14. Nxf8 Rxf8 15.
O-O-O b5 16. Nf3 c6 17. dxc6 Bxc6 18. cxb5 Bb7 19. Qb3+ Kh8 20. Kb1 Ne4 21.
Rhf1 Nhf6 22. Ng5 Nc5 23. Qa3 h6 24. Nf3 Qe6 25. Nxe5 dxe5 26. Qxc5 Ne4 27. Qc4
Qe7 28. Bf3 Rc8 29. Qb3 Qc5 30. Bxe4 Bxe4+ 31. Ka1 Bxg2 32. Rg1 Bf3 33. Rde1
Kh7 34. Qf7 Bh5 35. a3 Qxb5 36. Rc1 Rb8 37. Rc2 e4 38. Bxb8 Qxb8 1-0

[Event "Belleuve Chess 2012"]
[Site "Alcudia ESP"]
[Date "2012.10.20"]
[Round "8.26"]
[White "Rodriguez Yague, Fermin"]
[Black "Carranza Pons, Ricardo Nelson"]
[Result "0-1"]
[WhiteElo "1759"]
[BlackElo "1718"]
[PlyCount "56"]
[EventDate "2012.10.14"]
[EventType "swiss"]
[EventRounds "9"]
[EventCountry "ESP"]
[Source "lmi"]
[SourceDate "2012.10.14"]

1. d4 Nf6 2. c4 g6 3. Nc3 d5 4. Nf3 Bg7 5. cxd5 Nxd5 6. e4 Nxc3 7. bxc3 Bg4 8.
Bc4 O-O 9. Be3 Bxf3 10. Qxf3 c5 11. e5 Nc6 12. Rd1 Qc7 13. Be2 cxd4 14. cxd4
Qa5+ 15. Rd2 Rad8 16. O-O e6 17. Qe4 Bxe5 18. dxe5 Rxd2 19. Bxd2 Qxd2 20. Bb5
Na5 21. h4 Rd8 22. h5 a6 23. Be2 Qd5 24. Qc2 Qxe5 25. hxg6 hxg6 26. Bf3 Kg7 27.
g3 Qf5 28. Qe2 Rd4 0-1

[Event "Belleuve Chess 2012"]
[Site "Alcudia ESP"]
[Date "2012.10.20"]
[Round "8.27"]
[White "Nadal Bestard, Sebastia"]
[Black "Deiana, Giacomo"]
[Result "1-0"]
[WhiteElo "1851"]
[BlackElo "1687"]
[PlyCount "87"]
[EventDate "2012.10.14"]
[EventType "swiss"]
[EventRounds "9"]
[EventCountry "ESP"]
[Source "lmi"]
[SourceDate "2012.10.14"]

1. d4 d5 2. Nf3 Nf6 3. c4 c6 4. Nc3 a6 5. e3 b5 6. b3 Bf5 7. Be2 e6 8. O-O Be7
9. Nh4 Ne4 10. Nxe4 Bxh4 11. Nc5 Be7 12. Ba3 O-O 13. Rc1 Re8 14. Bg4 Bg6 15.
cxd5 cxd5 16. f4 Nd7 17. Nb7 Qb8 18. Bxe7 Rxe7 19. Na5 Re8 20. Qe1 Nf6 21. Bh3
Rc8 22. Nc6 Qd6 23. Ne5 Ne4 24. f5 exf5 25. Bxf5 Bxf5 26. Rxf5 f6 27. Nd3 a5
28. Nf4 Qb4 29. Nxd5 Qxe1+ 30. Rxe1 Rc2 31. Ra1 Kf7 32. Nb6 Re8 33. Re1 Nc3 34.
Rc5 b4 35. Nd5 Re4 36. Rc7+ Kg6 37. Nf4+ Kh6 38. Rc5 g5 39. Nd5 Rg4 40. g3 Kg6
41. Rc6 Ne2+ 42. Kf1 Nxg3+ 43. hxg3 Rxc6 44. Ne7+ 1-0